000 01554nam a2200385Ia 4500
001 ebr10274633
003 CaPaEBR
006 m u
007 cr cn|||||||||
008 080613s2008 nyua sb 001 0 eng d
010 _z 2008929756
020 _z0387781684 (hbk. : alk. paper)
020 _z0387781692 (e-ISBN)
020 _z9780387781686 (hbk. : alk. paper)
020 _z9780387781693 (e-ISBN)
040 _aCaPaEBR
_cCaPaEBR
035 _a(OCoLC)317883343
050 1 4 _aQH438.4.S73
_bD87 2008eb
100 1 _aDurrett, Richard,
_d1951-
245 1 0 _aProbability models for DNA sequence evolution
_h[electronic resource] /
_cRichard Durrett.
250 _a2nd ed.
260 _aNew York :
_bSpringer,
_cc2008.
300 _axii, 431 p. :
_bill.
490 1 _aProbability and its applications
504 _aIncludes bibliographical references (p. [399]-426)and index.
533 _aElectronic reproduction.
_bPalo Alto, Calif. :
_cebrary,
_d2009.
_nAvailable via World Wide Web.
_nAccess may be limited to ebrary affiliated libraries.
650 0 _aEvolutionary genetics
_xStatistical methods.
650 0 _aNucleotide sequence
_xStatistical methods.
650 0 _aProbabilities.
650 0 _aVariation (Biology)
_xStatistical methods.
655 7 _aElectronic books.
_2local
710 2 _aebrary, Inc.
830 0 _aSpringer series in statistics.
_pProbability and its applications.
856 4 0 _uhttp://site.ebrary.com/lib/rucke/Doc?id=10274633
_zAn electronic book accessible through the World Wide Web; click to view
999 _c6537
_d6537